| 000 | 00665nam a2200193 i 4500 | ||
|---|---|---|---|
| 001 | 34545 | ||
| 003 | ES-MaACL | ||
| 005 | 20250824030825.0 | ||
| 007 | t| | ||
| 008 | 030207s1947 ag ||||1| spa d | ||
| 100 | 1 |
_aBoiadezhiev, G. N. _929841 |
|
| 245 | 1 | 0 |
_aHistoria del teatro europeo _b: (desdes sus orígenes hasta 1789) / _cG.N. Boiadzhiev y A. Dzhivelegov ; [traducción de Sergio Belaieff]. |
| 260 |
_aBuenos Aires : _bFuturo, _c[1947] ( _fUniverso) |
||
| 300 |
_a518 p., 28 lám. ; _c24 cm. |
||
| 650 | 7 |
_aTeatro europeo _2embne _9160479 |
|
| 700 | 1 |
_aBelaieff, Sergio. _927113 |
|
| 852 |
_aES-MaACL _jB-2199 _bR.28728 |
||
| 999 |
_c34545 _d34545 |
||